[Event "4NCL/Div3/NLIB1 vs. BRI2"]
[Site "West Bromwich ENG"]
[Date "2004.01.24"]
[Round "3.8"]
[White "Spiller, Paul"]
[Black "Smith, Olivia"]
[Result "1-0"]
[WhiteElo "1736"]
[BlackElo "1831"]
[PlyCount "97"]
[EventDate "2004.01.24"]

1. e4 e5 2. Nc3 Nc6 3. f4 exf4 4. Nf3 g5 5. h4 g4 6. Ng5 Nf6 7. d4 d5 8. exd5
Nxd5 9. Bc4 Bb4 10. O-O Bxc3 11. bxc3 h6 12. Qe1+ Nce7 13. Ne4 O-O 14. Bxf4
Nxf4 15. Rxf4 Kg7 16. Qf2 f5 17. h5 b5 18. Bb3 a5 19. a3 Nd5 20. Bxd5 Qxd5 21.
Rf1 Qf7 22. Ng3 Ra6 23. Nxf5+ Bxf5 24. Rxf5 Rf6 25. Rxf6 Qxf6 26. Qxf6+ Rxf6
27. Re1 Rc6 28. Re5 Rxc3 29. Rxb5 Rxa3 30. Rc5 g3 31. Rxc7+ Kf6 32. Kf1 Re3 33.
Ra7 Rc3 34. Rxa5 Rxc2 35. Ra3 Rc1+ 36. Ke2 Rc2+ 37. Kf3 Rd2 38. Kxg3 Rxd4 39.
Ra5 Rd3+ 40. Kf4 Rd4+ 41. Ke3 Rg4 42. Kf3 Rg5 43. Rxg5 Kxg5 44. g4 Kf6 45. Kf4
Kg7 46. Ke5 Kf7 47. Kf5 Kg7 48. Ke6 Kg8 49. Kf6 1-0

[Event "4NCL/Div3/SLO2 vs. WGR3"]
[Site "West Bromwich ENG"]
[Date "2004.01.24"]
[Round "3.1"]
[White "Redpath, Joseph"]
[Black "Pokorna, Regina"]
[Result "0-1"]
[WhiteElo "2210"]
[BlackElo "2390"]
[PlyCount "50"]
[EventDate "2004.01.24"]

1. d4 Nf6 2. Nf3 d5 3. e3 c5 4. dxc5 e6 5. b4 a5 6. c3 axb4 7. cxb4 b6 8. Bb5+
Bd7 9. Bxd7+ Nbxd7 10. a4 bxc5 11. b5 Bd6 12. Bb2 O-O 13. O-O Qc7 14. Nbd2 c4
15. Qc2 Rfc8 16. Rfc1 e5 17. e4 Nc5 18. exd5 e4 19. Bxf6 exf3 20. Nxf3 gxf6 21.
Qxc4 Ne4 22. Qxc7 Rxc7 23. Rxc7 Bxc7 24. g3 Nc3 25. Nd4 Be5 0-1

[Event "4NCL/Div3/SLO2 vs. WGR3"]
[Site "West Bromwich ENG"]
[Date "2004.01.24"]
[Round "3.2"]
[White "Lee, Graham D"]
[Black "Richmond, Robert J"]
[Result "1-0"]
[WhiteElo "2329"]
[BlackElo "2207"]
[PlyCount "175"]
[EventDate "2004.01.24"]

1. e4 e5 2. Nf3 Nf6 3. d4 d6 4. Nc3 Nbd7 5. Bc4 Be7 6. O-O O-O 7. Re1 c6 8. a4
b6 9. d5 c5 10. a5 bxa5 11. Bd2 Nb6 12. Bf1 a4 13. Nxa4 Nxa4 14. Rxa4 Nd7 15.
Qa1 Qc7 16. Ba5 Nb6 17. Bxb6 Qxb6 18. Re3 Bd8 19. Nd2 f5 20. Ba6 Bg5 21. Bxc8
Rfxc8 22. Nc4 Qd8 23. Re2 fxe4 24. Rxe4 Rc7 25. Ra6 Be7 26. b3 Qf8 27. f3 Qf7
28. Qd1 Rd8 29. Na5 Rdd7 30. Ra4 Bd8 31. Nc6 Rb7 32. Re4 Bb6 33. c4 Qf5 34. Ra2
h6 35. Qd3 Rf7 36. Rf2 g5 37. Re3 Qxd3 38. Rxd3 Kg7 39. g3 Rf6 40. Kg2 Rbf7 41.
Re2 Kf8 42. Re1 Kg7 43. Rde3 Kf8 44. Ra1 h5 45. h3 Kg7 {=} 46. Rd1 Kf8 47. Rde1
Kg7 48. Rd3 Kf8 49. Re4 Kg7 50. Rde3 Kh6 51. Rd3 Kg7 52. h4 Kg6 53. hxg5 Kxg5
54. Rh4 Rf5 55. Re3 R5f6 56. Rh1 Rf5 57. Rf1 R5f6 58. Re4 Rf5 59. Rh4 Kg6 60.
g4 hxg4 61. Rxg4+ Rg5 62. Rxg5+ Kxg5 63. Rh1 Kf5 64. Rh6 Rf6 65. Ne7+ Kg5 66.
Rxf6 Kxf6 67. Nc8 Bc7 68. Nxa7 Ke7 69. Nb5 Ba5 70. Na3 Bb4 71. Nc2 Ba5 72. Kf2
Bd2 73. Ke2 Bh6 74. Kd3 Kf6 75. Ke4 Bd2 76. Ne3 Ba5 77. Ng4+ Kg5 78. Nxe5 dxe5
79. Kxe5 Bc3+ 80. Kd6 Bb4 81. Kc6 Kf4 82. d6 Kxf3 83. d7 Ba5 84. Kxc5 Ke4 85.
b4 Bd8 86. b5 Ke5 87. Kc6 Ke6 88. c5 1-0

[Event "4NCL/Div3/SLO2 vs. WGR3"]
[Site "West Bromwich ENG"]
[Date "2004.01.24"]
[Round "3.3"]
[White "Tweedie, Steven"]
[Black "Cutmore, Martin J"]
[Result "1-0"]
[WhiteElo "2106"]
[BlackElo "2120"]
[PlyCount "99"]
[EventDate "2004.01.24"]

1. e4 c5 2. Nc3 Nc6 3. g3 g6 4. Bg2 Bg7 5. d3 d6 6. Be3 e5 7. f4 Nge7 8. Nf3
exf4 9. Bxf4 Ne5 10. O-O Bg4 11. Qd2 O-O 12. Nxe5 dxe5 13. Bh6 c4 14. Bxg7 Kxg7
15. Qg5 Qb6+ 16. Kh1 Qe6 17. Nd5 Nxd5 18. exd5 f6 19. Qd2 Qa6 20. dxc4 Qxc4 21.
b3 Qa6 22. c4 Rac8 23. Rac1 Qd6 24. Qa5 Qb8 25. Qb4 Bf5 26. c5 Rfd8 27. g4 Bd3
28. Rfd1 e4 29. d6 b6 30. Bxe4 bxc5 31. Qb7+ Qxb7 32. Bxb7 Rb8 33. Rxd3 Rxb7
34. Rxc5 Rbd7 35. Rc6 Kf7 36. Ra6 Ke6 37. Re3+ Kd5 38. Kg2 Rc8 39. Kf2 Kd4 40.
Re7 Rcd8 41. Rxa7 Rxd6 42. Re2 h5 43. gxh5 gxh5 44. Ra5 Kc3 45. Rxh5 Rd2 46.
Rh3+ Kc2 47. Rhe3 Kd1 48. Kf1 f5 49. Rxd2+ Kxd2 50. Rf3 1-0

[Event "4NCL/Div3/SLO2 vs. WGR3"]
[Site "West Bromwich ENG"]
[Date "2004.01.24"]
[Round "3.4"]
[White "Maduekwe, Chiedu"]
[Black "Roberson, Peter T"]
[Result "1-0"]
[WhiteElo "2127"]
[BlackElo "2102"]
[PlyCount "51"]
[EventDate "2004.01.24"]

1. d4 Nf6 2. c4 e6 3. Nf3 c5 4. d5 d6 5. Nc3 exd5 6. cxd5 g6 7. e4 a6 8. a4 Bg4
9. Qb3 Bxf3 10. Qxb7 Bxg2 11. Bxg2 Nbd7 12. a5 Nh5 13. O-O Bg7 14. Bh3 Ke7 15.
e5 Bxe5 16. Re1 Re8 17. Rxe5+ dxe5 18. d6+ Kxd6 19. Ne4+ Ke7 20. Bg5+ f6 21.
Rd1 fxg5 22. Rxd7+ Kf8 23. Rxd8 Raxd8 24. Nxg5 Rd1+ 25. Bf1 Re7 26. Qf3+ 1-0

[Event "4NCL/Div3/SLO2 vs. WGR3"]
[Site "West Bromwich ENG"]
[Date "2004.01.24"]
[Round "3.5"]
[White "Linford, Charles M"]
[Black "Hasman, Cengiz"]
[Result "1-0"]
[WhiteElo "2179"]
[BlackElo "2032"]
[PlyCount "69"]
[EventDate "2004.01.24"]

1. e4 Nf6 2. e5 Nd5 3. d4 d6 4. c4 Nb6 5. f4 dxe5 6. fxe5 g6 7. Be3 Bg7 8. Nc3
O-O 9. Be2 c5 10. dxc5 N6d7 11. e6 fxe6 12. Qd2 Nc6 13. O-O-O Qa5 14. Bh6 Bh8
15. Bxf8 Nxf8 16. Qe3 e5 17. Nf3 b6 18. Nd2 Be6 19. Nb3 Qa6 20. Qe4 Rc8 21.
Rhf1 Bg7 22. Bg4 Bxg4 23. Qxg4 Nd4 24. Kb1 Re8 25. Nxd4 exd4 26. Nb5 Qa4 27. b3
Qb4 28. Qf3 Kh8 29. Qf7 Rc8 30. Qxe7 Qxc5 31. Nd6 Qc7 32. Nxc8 Qxc8 33. Rf7 Ne6
34. Rdf1 h5 35. Rxg7 1-0

[Event "4NCL/Div3/SLO2 vs. WGR3"]
[Site "West Bromwich ENG"]
[Date "2004.01.24"]
[Round "3.6"]
[White "Cutmore, David A"]
[Black "de Coverly, Roger"]
[Result "1-0"]
[WhiteElo "2102"]
[BlackElo "2093"]
[PlyCount "95"]
[EventDate "2004.01.24"]

1. d4 Nf6 2. c4 g6 3. Nc3 Bg7 4. e4 d6 5. f4 O-O 6. Nf3 Na6 7. Bd3 e5 8. fxe5
dxe5 9. d5 c6 10. Be3 cxd5 11. cxd5 Ng4 12. Bg1 f5 13. Qe2 Nb4 14. Bb1 fxe4 15.
Bxe4 a5 16. a3 Na6 17. O-O-O Nf6 18. Bc2 e4 19. Ne5 Nh5 20. Nc4 Bd7 21. Nb6 Nf4
22. Qxe4 Bf5 23. Qc4 Bxc2 24. Kxc2 Qg5 25. d6+ Kh8 26. g3 Rad8 27. Bd4 Qf5+ 28.
Kc1 Ne6 29. Bxg7+ Kxg7 30. Rhe1 Nec5 31. Re7+ Rf7 32. Rxf7+ Qxf7 33. Qxf7+ Kxf7
34. Nc4 Nb3+ 35. Kb1 Nac5 36. Re1 Re8 37. Rf1+ Kg7 38. Kc2 Nd4+ 39. Kb1 Ndb3
40. Rd1 Rd8 41. Nb5 a4 42. Nc7 Kf6 43. Rf1+ Kg7 44. Re1 Kh6 45. h4 Rf8 46. Ne5
Kg7 47. d7 Nd4 48. Ne8+ 1-0

[Event "4NCL/Div3/SLO2 vs. WGR3"]
[Site "West Bromwich ENG"]
[Date "2004.01.24"]
[Round "3.7"]
[White "Birtwistle, Nigel"]
[Black "Hillman, Jamie O"]
[Result "1/2-1/2"]
[WhiteElo "2040"]
[BlackElo "1972"]
[PlyCount "78"]
[EventDate "2004.01.24"]

1. d4 Nf6 2. c4 e6 3. Nc3 Bb4 4. e3 b6 5. Nge2 Bb7 6. a3 Bxc3+ 7. Nxc3 d6 8.
Bd3 c5 9. O-O O-O 10. b3 Nc6 11. Bb2 Ne7 12. Qe2 Ng6 13. dxc5 dxc5 14. Rad1 Qe7
15. Rd2 Rfd8 16. Rfd1 Bc6 17. Bxg6 hxg6 18. f3 a6 19. e4 Ne8 20. Qe3 Nd6 21.
Qf4 g5 22. Qe5 f6 23. Qg3 Nf7 24. Qe1 Rxd2 {=} 25. Rxd2 Rd8 26. Qd1 Rxd2 27.
Qxd2 Qd6 28. Qxd6 Nxd6 29. Ne2 Kf7 30. Kf2 a5 31. a4 Ke7 32. g4 e5 33. Nc3 Kf7
34. Ne2 Ke7 35. Nc1 Kd7 36. Nd3 Ke6 37. Kg3 Be8 38. h4 gxh4+ 39. Kxh4 g5+
1/2-1/2

[Event "4NCL/Div3/FCA vs. HKF1"]
[Site "West Bromwich ENG"]
[Date "2004.01.24"]
[Round "3.1"]
[White "Macdonald-Ross, Michael"]
[Black "Hebden, Mark L"]
[Result "0-1"]
[WhiteElo "2215"]
[BlackElo "2549"]
[PlyCount "80"]
[EventDate "2004.01.24"]

1. Nf3 Nf6 2. g3 g6 3. b3 Bg7 4. Bb2 O-O 5. Bg2 d6 6. d4 a5 7. O-O Nc6 8. Nc3
Bf5 9. Re1 Ne4 10. Nb5 d5 11. c4 Nb4 12. a3 Na6 13. cxd5 Qxd5 14. Nd2 Qxb5 15.
Nxe4 Bxe4 16. Bxe4 Rfd8 17. Rc1 Qb6 18. e3 e5 19. Qf3 c6 20. Bc2 exd4 21. exd4
Re8 22. h4 Bxd4 23. Bxd4 Qxd4 24. h5 Nc5 25. hxg6 hxg6 26. Red1 Qe5 27. b4 axb4
28. axb4 Ne6 29. Rd7 Ng5 30. Qg4 Re7 31. Rcd1 Rxd7 32. Rxd7 Ra2 33. Qc4 Qb2 34.
Kg2 Qxc2 35. Rd8+ Kg7 36. Qd4+ f6 37. Rd7+ Nf7 38. Rxf7+ Kxf7 39. Qd7+ Kf8 40.
Qd8+ Kg7 0-1

[Event "4NCL/Div3/FCA vs. HKF1"]
[Site "West Bromwich ENG"]
[Date "2004.01.24"]
[Round "3.2"]
[White "Greet, Andrew N"]
[Black "Freeman, Richard C P"]
[Result "1-0"]
[WhiteElo "2305"]
[BlackElo "2139"]
[PlyCount "79"]
[EventDate "2004.01.24"]

1. d4 g6 2. e4 d6 3. Nc3 c6 4. Be3 Bg7 5. Nf3 Nf6 6. Qd2 b5 7. Bd3 a6 8. Bh6
O-O 9. a4 b4 10. Ne2 a5 11. Ng3 e5 12. Bxg7 Kxg7 13. dxe5 dxe5 14. Nxe5 Qd4 15.
Nc4 Rd8 16. Ne2 Qc5 17. e5 Ng4 18. Qf4 Rd5 19. O-O Nxe5 {=} 20. Nxe5 Rxe5 21.
Ng3 Qe7 22. Rad1 Na6 23. Bc4 f6 24. Qd4 Be6 25. f4 Bxc4 26. Qxc4 Rc5 27. Qe4
Re8 28. Qd3 Qe3+ 29. Qxe3 Rxe3 30. Rd7+ Kh6 31. Rfd1 Rxc2 32. Rf7 Nc5 33. Rxf6
Ne4 34. Nf5+ Kh5 35. g4+ Kxg4 36. Nxe3+ Kf3 37. Nxc2 Nxf6 38. Nd4+ Kxf4 39.
Rf1+ Kg5 40. Ne6+ 1-0

[Event "4NCL/Div3/FCA vs. HKF1"]
[Site "West Bromwich ENG"]
[Date "2004.01.24"]
[Round "3.3"]
[White "Smith, Graham M"]
[Black "Connell, Blair N"]
[Result "1/2-1/2"]
[WhiteElo "2165"]
[BlackElo "2269"]
[PlyCount "44"]
[EventDate "2004.01.24"]

1. e4 d5 2. exd5 Qxd5 3. Nf3 Nf6 4. d4 Bg4 5. Be2 e6 6. O-O c6 7. c4 Qd8 8. Be3
Be7 9. Nc3 O-O 10. h3 Bh5 11. Ne5 Bxe2 12. Qxe2 Nbd7 13. f4 Rc8 14. Rad1 Qc7
15. Bf2 Bb4 16. Ne4 Nxe4 17. Qxe4 Be7 18. a3 Nf6 19. Qe2 c5 20. dxc5 Bxc5 21.
b4 Bxf2+ 22. Qxf2 a5 1/2-1/2

[Event "4NCL/Div3/FCA vs. HKF1"]
[Site "West Bromwich ENG"]
[Date "2004.01.24"]
[Round "3.4"]
[White "Wilson, Jonathan G"]
[Black "Valentine, Brian J"]
[Result "1-0"]
[WhiteElo "2303"]
[BlackElo "2063"]
[PlyCount "81"]
[EventDate "2004.01.24"]

1. d4 d5 2. c4 c6 3. Nf3 Nf6 4. Qc2 dxc4 5. Qxc4 Bf5 6. g3 e6 7. Bg2 Nbd7 8.
O-O Be7 9. Nc3 O-O 10. e3 Rc8 11. Nh4 Qc7 12. Nxf5 exf5 13. b4 Nb6 14. Qb3 Rcd8
15. Bd2 Nbd5 16. Rfc1 Nxc3 17. Bxc3 Qb6 18. Rab1 a6 19. a4 Qa7 20. b5 cxb5 21.
axb5 Ne4 22. Be1 g6 23. Qd3 Rfe8 24. Ra1 Ra8 25. g4 Qb6 26. gxf5 gxf5 27. bxa6
bxa6 28. Bxe4 fxe4 29. Qxe4 a5 30. Rc6 Qb5 31. Rb1 Bb4 32. Qf3 Qg5+ 33. Kh1
Bxe1 34. Rxe1 Kh8 35. Rg1 Qe7 36. Rc7 Qe4 37. Qxe4 Rxe4 38. Rxf7 a4 39. Rgg7
Rh4 40. Ra7 Rf8 41. Rgf7 1-0

[Event "4NCL/Div3/FCA vs. HKF1"]
[Site "West Bromwich ENG"]
[Date "2004.01.24"]
[Round "3.5"]
[White "Elwin, Adrian G"]
[Black "Ogunshola, Ben"]
[Result "0-1"]
[WhiteElo "2066"]
[BlackElo "2158"]
[PlyCount "85"]
[EventDate "2004.01.24"]

1. Nf3 Nf6 2. c4 g6 3. d4 Bg7 4. Nc3 O-O 5. e4 d6 6. Be2 e5 7. dxe5 dxe5 8.
Qxd8 Rxd8 9. Bg5 Re8 10. O-O-O Nc6 11. Rhe1 Bg4 12. Be3 Rac8 13. h3 Bxf3 14.
Bxf3 a6 15. g4 Nd4 16. Bxd4 exd4 17. Nd5 c6 18. Nb4 Nd7 19. Bg2 b5 20. e5 c5
21. Bc6 cxb4 22. Bxd7 Rxc4+ 23. Kd2 Rxe5 24. Rxe5 Bxe5 25. Kd3 Bf6 26. Re1 Rc7
27. Re8+ Kg7 28. Bc8 a5 29. f4 h6 30. Ba6 a4 31. Rc8 Re7 32. Bxb5 Re3+ 33. Kd2
Rxh3 34. Bxa4 Rf3 35. Bb3 Rxf4 36. Rc7 Bg5 37. Kd3 h5 38. gxh5 gxh5 39. a3 bxa3
40. bxa3 Rf3+ 41. Kc2 d3+ 42. Kb1 d2 43. Rd7 0-1

[Event "4NCL/Div3/FCA vs. HKF1"]
[Site "West Bromwich ENG"]
[Date "2004.01.24"]
[Round "3.6"]
[White "Chipanga, Takaedza"]
[Black "Mahony, Richard"]
[Result "1/2-1/2"]
[WhiteElo "2170"]
[BlackElo "1928"]
[PlyCount "44"]
[EventDate "2004.01.24"]

1. d4 Nf6 2. c4 e6 3. Nf3 b6 4. g3 Ba6 5. b3 Bb4+ 6. Bd2 Be7 7. Bg2 c6 8. Bc3
O-O 9. O-O d5 10. Ne5 Nfd7 11. Nxd7 Nxd7 12. Nd2 Nf6 13. Re1 Rc8 14. e4 Bb7 15.
a4 c5 16. exd5 exd5 17. a5 cxd4 18. Bxd4 Bc5 19. Nb1 Bc6 20. Bh3 Bxd4 21. Qxd4
dxc4 22. Qxd8 Rcxd8 1/2-1/2

[Event "4NCL/Div3/FCA vs. HKF1"]
[Site "West Bromwich ENG"]
[Date "2004.01.24"]
[Round "3.7"]
[White "Kendall, Paul S W"]
[Black "Dupré, Paul D"]
[Result "1/2-1/2"]
[WhiteElo "1944"]
[BlackElo "2053"]
[PlyCount "31"]
[EventDate "2004.01.24"]

1. e4 Nf6 2. e5 Nd5 3. g3 d6 4. exd6 cxd6 5. Bg2 Nf6 6. d4 d5 7. Nf3 Bg4 8. h3
Bxf3 9. Bxf3 Nc6 10. c3 e6 11. Bf4 Be7 12. O-O O-O 13. Qe2 Re8 14. Nd2 Bd6 15.
Bxd6 Qxd6 16. Rfd1 1/2-1/2

[Event "4NCL/Div3/GUI3 vs. SLO2"]
[Site "West Bromwich ENG"]
[Date "2004.01.25"]
[Round "4.1"]
[White "Briscoe, Christopher"]
[Black "Redpath, Joseph"]
[Result "1/2-1/2"]
[WhiteElo "2192"]
[BlackElo "2210"]
[PlyCount "48"]
[EventDate "2004.01.25"]

1. e4 g6 2. d4 Bg7 3. h3 d6 4. Be3 Nd7 5. Qd2 e5 6. dxe5 dxe5 7. Nc3 Ngf6 8. g4
c6 9. Be2 h5 10. g5 Nh7 11. Nf3 Nhf8 12. Bc4 Qe7 13. O-O-O Ne6 14. Bxe6 Qxe6
15. Bc5 b6 16. Ba3 Bb7 17. b3 O-O-O 18. Qe3 Nb8 19. Nd2 Ba6 20. h4 {=} 20...
Kc7 21. Na4 Rd4 22. Bb2 Rd6 23. Bc3 Rhd8 24. Nb2 R6d7 1/2-1/2

[Event "4NCL/Div3/GUI3 vs. SLO2"]
[Site "West Bromwich ENG"]
[Date "2004.01.25"]
[Round "4.2"]
[White "Richmond, Robert J"]
[Black "Punnett, Alan K"]
[Result "1-0"]
[WhiteElo "2207"]
[BlackElo "2139"]
[PlyCount "59"]
[EventDate "2004.01.25"]

1. d4 Nf6 2. c4 e6 3. Nc3 Bb4 4. Qc2 O-O 5. Bg5 h6 6. Bh4 d5 7. e3 Be7 8. Nf3
c5 9. dxc5 Qa5 10. Rc1 Nc6 11. a3 dxc4 12. Bxc4 Qxc5 13. Ba2 Qh5 14. O-O Ne5
15. Nxe5 Qxh4 16. Bb1 Qh5 17. f4 g5 18. Rf3 g4 19. Nxg4 Rd8 20. Rh3 Qc5 21.
Rxh6 Kg7 22. Rh3 Rg8 23. Ne5 b6 24. b4 Qc7 25. Rh7+ Kf8 26. Rxf7+ Ke8 27. Nd5
Qxc2 28. Rxe7+ Kf8 29. Rf7+ Ke8 30. Nxf6+ 1-0

[Event "4NCL/Div3/GUI3 vs. SLO2"]
[Site "West Bromwich ENG"]
[Date "2004.01.25"]
[Round "4.3"]
[White "Allinson, Julian"]
[Black "Tweedie, Steven"]
[Result "1/2-1/2"]
[WhiteElo "2100"]
[BlackElo "2106"]
[PlyCount "61"]
[EventDate "2004.01.25"]

1. d4 d5 2. c4 e6 3. Nf3 Nf6 4. g3 c5 5. Bg2 Nc6 6. O-O dxc4 7. Ne5 Nxe5 8.
dxe5 Nd5 9. Na3 c3 10. Nc4 Rb8 11. e4 cxb2 12. Bxb2 Nb6 13. Nd6+ Bxd6 14. exd6
Nc4 15. Bxg7 Rg8 16. Bc3 Qxd6 17. Qxd6 Nxd6 18. Bf6 Nb5 19. Rfd1 Bd7 20. Rd2
Rg6 21. e5 Nd4 22. f4 Bc6 23. Rc1 Bxg2 24. Kxg2 b6 25. Kf2 Rg8 26. Rxd4 cxd4
27. Rc7 a5 28. Re7+ Kf8 {=} 29. Rd7 Ke8 30. Re7+ Kf8 31. Rd7 1/2-1/2

[Event "4NCL/Div3/GUI3 vs. SLO2"]
[Site "West Bromwich ENG"]
[Date "2004.01.25"]
[Round "4.4"]
[White "Roberson, Peter T"]
[Black "Stimpson, Philip M"]
[Result "1/2-1/2"]
[WhiteElo "2102"]
[BlackElo "2123"]
[PlyCount "49"]
[EventDate "2004.01.25"]

1. e4 d5 2. exd5 Nf6 3. Nf3 Nxd5 4. d4 g6 5. c4 Nb6 6. Nc3 Bg7 7. Be3 O-O 8.
Be2 Nc6 9. d5 Ne5 10. Bd4 Nxf3+ 11. Bxf3 e5 12. Bc5 Re8 13. Be2 Qh4 14. O-O Nd7
15. g3 Qd8 16. Be3 Nf6 17. Bf3 Bh3 18. Re1 Qd7 19. Ne4 Nxe4 20. Bxe4 f5 21. Bg2
Bxg2 22. Kxg2 f4 23. gxf4 exf4 24. Bxf4 Bxb2 25. Rb1 1/2-1/2

[Event "4NCL/Div3/GUI3 vs. SLO2"]
[Site "West Bromwich ENG"]
[Date "2004.01.25"]
[Round "4.5"]
[White "Andersson, Frans"]
[Black "Linford, Charles M"]
[Result "0-1"]
[WhiteElo "2103"]
[BlackElo "2179"]
[PlyCount "60"]
[EventDate "2004.01.25"]

1. d4 Nf6 2. Nf3 e6 3. g3 c5 4. Bg2 cxd4 5. Nxd4 a6 6. c4 Qc7 7. O-O Qxc4 8.
Bg5 Be7 9. Na3 Qb4 10. Rc1 O-O 11. Nc4 Nc6 12. a3 Qc5 13. Be3 Qh5 14. Nf3 d5
15. Nb6 Rb8 16. Bc5 Bxc5 17. Rxc5 Rd8 18. Qb1 e5 19. Nxc8 Rbxc8 20. Rfc1 Ne4
21. R5c2 Qf5 22. e3 g5 23. Qa2 Rd6 24. b4 Rcd8 25. Qb2 d4 26. exd4 exd4 27. Nd2
Qxf2+ 28. Kh1 Nxg3+ 29. hxg3 Rh6+ 30. Bh3 Rxh3# 0-1

[Event "4NCL/Div3/GUI3 vs. SLO2"]
[Site "West Bromwich ENG"]
[Date "2004.01.25"]
[Round "4.6"]
[White "McGowan, Daniel"]
[Black "Shepley, Julien M"]
[Result "1-0"]
[WhiteElo "2053"]
[BlackElo "2112"]
[PlyCount "39"]
[EventDate "2004.01.25"]

1. e4 d5 2. exd5 Qxd5 3. Nc3 Qd6 4. Bc4 c6 5. d3 Nf6 6. Nge2 Bg4 7. Bf4 Bxe2 8.
Nxe2 e5 9. Bg3 Nbd7 10. O-O Be7 11. Re1 Nh5 12. d4 Nxg3 13. Nxg3 O-O 14. Nf5
Qf6 15. Qg4 Rad8 16. f4 Rfe8 17. fxe5 Qg6 18. Qf3 Nb6 19. Bb3 Bf8 20. Nh4 1-0

[Event "4NCL/Div3/GUI3 vs. SLO2"]
[Site "West Bromwich ENG"]
[Date "2004.01.25"]
[Round "4.7"]
[White "Hill, David F"]
[Black "Birtwistle, Nigel"]
[Result "1/2-1/2"]
[WhiteElo "2049"]
[BlackElo "2040"]
[PlyCount "75"]
[EventDate "2004.01.25"]

1. c4 e5 2. Nc3 d6 3. e3 g6 4. d4 Bg7 5. Nf3 Nd7 6. Rb1 Ne7 7. b4 O-O 8. Qb3 a5
9. a3 axb4 10. axb4 exd4 11. exd4 Nf5 12. Be2 Nxd4 13. Nxd4 Bxd4 14. O-O Bg7
15. Bf3 Ne5 16. Be2 Bf5 17. Rb2 Nc6 18. Be3 Qf6 19. Rc1 Nd4 20. Qd1 Nxe2+ 21.
Rxe2 Bg4 22. Nd5 Qd8 23. f3 Be6 24. Bd4 Bxd5 25. cxd5 Qh4 26. Re4 Bxd4+ 27.
Qxd4 Qg5 28. f4 Qg4 29. h3 Qd7 30. f5 Qxf5 31. Rxc7 Ra1+ 32. Qxa1 Qxe4 33. Rxb7
Qxd5 34. Qa7 Qe4 35. Rb8 Qe1+ 36. Kh2 Qe5+ 37. Kh1 Qe1+ 38. Kh2 1/2-1/2

[Event "4NCL/Div3/GUI3 vs. SLO2"]
[Site "West Bromwich ENG"]
[Date "2004.01.25"]
[Round "4.8"]
[White "Barraclough, Stephanie"]
[Black "Morris, Claire H"]
[Result "1-0"]
[WhiteElo "1552"]
[BlackElo "1616"]
[PlyCount "107"]
[EventDate "2004.01.25"]

1. e4 e5 2. f4 Nc6 3. Nf3 Qf6 4. Nc3 Bc5 5. Nd5 Qd6 6. c3 f6 7. b4 Bb6 8. a4 a5
9. Ba3 axb4 10. cxb4 Nd4 11. b5 Qe6 12. Bc5 Kd8 13. f5 Qf7 14. Nxb6 cxb6 15.
Bxb6+ Ke8 16. Bxd4 exd4 17. Nxd4 d5 18. Qc2 Qe7 19. Bd3 Qe5 20. Qc3 dxe4 21.
O-O Ne7 22. Bc4 Nxf5 23. Nxf5 Qc5+ 24. Ne3 Ke7 25. Kh1 Rd8 26. Rfd1 b6 27. Nd5+
Rxd5 28. Bxd5 Qxd5 29. Qc7+ Kf8 30. Qxb6 Bb7 31. Qf2 Rd8 32. Qe2 f5 33. Rac1 f4
34. Rf1 Qxd2 35. Qxd2 Rxd2 36. Rxf4+ Ke7 37. Rcf1 Ke6 38. R4f2 Rd4 39. Ra2 Rb4
40. Kg1 Bd5 41. Ra3 Ke5 42. Re1 Kf4 43. Kf2 Rb2+ 44. Re2 Rb4 {=} 45. g3+ Ke5
46. Ke3 g5 47. g4 Be6 48. h3 Bd5 49. Rf2 Be6 50. Rf8 h5 51. gxh5 Bxh3 52. h6
Bf5 53. Rxf5+ Kxf5 54. h7 1-0

[Event "4NCL/Div3/HKF1 vs. SCS"]
[Site "West Bromwich ENG"]
[Date "2004.01.25"]
[Round "4.1"]
[White "Hebden, Mark L"]
[Black "Reynolds, D Ian"]
[Result "1-0"]
[WhiteElo "2549"]
[BlackElo "2103"]
[PlyCount "39"]
[EventDate "2004.01.25"]

1. d4 Nf6 2. Nf3 e6 3. c3 c5 4. Bg5 cxd4 5. cxd4 Qb6 6. Bxf6 gxf6 7. Qd2 d5 8.
Nc3 Nc6 9. e3 Bd7 10. Bd3 Rc8 11. O-O f5 12. Rfc1 Be7 13. Na4 Qa5 14. Qxa5 Nxa5
15. Nc5 Bd6 16. b4 Nc4 17. Bxc4 dxc4 18. Nd2 b5 19. a4 a6 20. Nxa6 1-0

[Event "4NCL/Div3/HKF1 vs. SCS"]
[Site "West Bromwich ENG"]
[Date "2004.01.25"]
[Round "4.2"]
[White "Lutton, E Josiah"]
[Black "Greet, Andrew N"]
[Result "0-1"]
[WhiteElo "2050"]
[BlackElo "2305"]
[PlyCount "52"]
[EventDate "2004.01.25"]

1. Nc3 d5 2. e4 e6 3. d4 Bb4 4. e5 c5 5. Bd2 Ne7 6. Nb5 Bxd2+ 7. Qxd2 O-O 8. c3
Nbc6 9. f4 cxd4 10. Nxd4 Nxd4 11. cxd4 Qb6 12. Nf3 Bd7 13. Bd3 Bb5 14. Bc2 Rac8
15. g4 Nc6 16. a3 f6 17. exf6 Rxf6 18. g5 Rf7 19. g6 hxg6 20. Bxg6 Rf6 21. Rg1
Qc7 22. Qg2 Kf8 23. Qh3 Qxf4 24. Qh8+ Ke7 25. Qxc8 Qe3+ 26. Kd1 Ba4+ 0-1

[Event "4NCL/Div3/HKF1 vs. SCS"]
[Site "West Bromwich ENG"]
[Date "2004.01.25"]
[Round "4.3"]
[White "Connell, Blair N"]
[Black "Poobalasingam, Peter"]
[Result "1/2-1/2"]
[WhiteElo "2269"]
[BlackElo "2020"]
[PlyCount "56"]
[EventDate "2004.01.25"]

1. e4 e6 2. d4 d5 3. e5 c5 4. c3 Nc6 5. Nf3 Qb6 6. a3 Bd7 7. b4 cxd4 8. cxd4
Rc8 9. Bb2 Nh6 10. Bd3 Na5 11. Bc1 Nb3 12. Bxh6 gxh6 13. Qxb3 Rc1+ 14. Ke2 Rxh1
15. Ra2 Bg7 16. a4 O-O 17. Nc3 Rc8 18. Nd1 Bf8 19. b5 Qa5 20. Rc2 Rc7 21. h3
Qb4 22. Qa2 Rxc2+ 23. Qxc2 a6 24. Qc7 Qxa4 25. Nc3 Rc1 26. Qxd7 Rxc3 27. Qxb7
Qa2+ 28. Nd2 axb5 1/2-1/2

[Event "4NCL/Div3/HKF1 vs. SCS"]
[Site "West Bromwich ENG"]
[Date "2004.01.25"]
[Round "4.4"]
[White "Bland, David"]
[Black "Wilson, Jonathan G"]
[Result "1/2-1/2"]
[WhiteElo "2006"]
[BlackElo "2303"]
[PlyCount "49"]
[EventDate "2004.01.25"]

1. c4 g6 2. Nc3 Bg7 3. g3 d6 4. Bg2 c6 5. e4 e5 6. Nge2 Be6 7. d3 Nh6 8. h3 O-O
9. O-O Na6 10. Rb1 f5 11. f3 Qd7 12. Kh2 Nc7 13. b3 d5 14. Ba3 Rfd8 15. Qc2 b5
16. Rbd1 Rab8 17. Bb2 bxc4 18. dxc4 d4 19. Nc1 Qe7 20. Nb1 fxe4 21. fxe4 c5 22.
Nd3 Na6 23. Nd2 Nf7 24. Nf3 Qd7 25. Bc1 1/2-1/2

[Event "4NCL/Div3/HKF1 vs. SCS"]
[Site "West Bromwich ENG"]
[Date "2004.01.25"]
[Round "4.5"]
[White "Ogunshola, Ben"]
[Black "Deva, Sagar"]
[Result "1/2-1/2"]
[WhiteElo "2158"]
[BlackElo "1995"]
[PlyCount "93"]
[EventDate "2004.01.25"]

1. c4 f5 2. Nc3 Nf6 3. g3 g6 4. Bg2 Bg7 5. Nf3 O-O 6. d4 d6 7. Rb1 c6 8. O-O
Qc7 9. d5 e5 10. dxe6 Bxe6 11. b3 Na6 12. Ng5 Qe7 13. Ba3 Rfd8 14. Qc2 Rac8 15.
Rfe1 b5 16. e4 b4 17. exf5 Bxf5 18. Rxe7 Bxc2 19. Rc1 Bxb3 {=} 20. axb3 bxa3
21. Ra1 Nd7 22. Rxg7+ Kxg7 23. Ne6+ Kh8 24. Nxd8 Rxd8 25. Rxa3 Nb4 26. Rxa7 Nc5
27. Ne4 Nxe4 28. Bxe4 d5 {=} 29. Ra4 Rb8 30. cxd5 cxd5 31. Bf3 d4 32. Ra8 Rxa8
33. Bxa8 Na2 34. Kf1 Kg7 35. f4 Kf6 36. h4 h6 37. Be4 Nc3 38. Bd3 Na2 39. Kf2
g5 40. fxg5+ hxg5 41. Kf3 Nc1 42. Bc4 gxh4 43. gxh4 d3 44. Ke3 Nxb3 45. Bxb3
Kg6 46. Bd1 Kh6 47. Kxd3 1/2-1/2

[Event "4NCL/Div3/HKF1 vs. SCS"]
[Site "West Bromwich ENG"]
[Date "2004.01.25"]
[Round "4.6"]
[White "Bigio, Jacob"]
[Black "Chipanga, Takaedza"]
[Result "0-1"]
[WhiteElo "1608"]
[BlackElo "2170"]
[PlyCount "70"]
[EventDate "2004.01.25"]

1. d4 d5 2. c4 c6 3. Nc3 Nf6 4. Nf3 dxc4 5. e4 b5 6. Bg5 b4 7. Bxf6 bxc3 8.
Bxg7 Bxg7 9. bxc3 Qa5 10. Qd2 Ba6 11. Nh4 e6 12. g3 O-O 13. f4 c5 14. e5 Bb7
15. Rg1 cxd4 16. Qxd4 Nc6 17. Qe3 Ne7 18. Bg2 Bxg2 19. Rxg2 Nd5 20. Qf3 Qxc3+
21. Qxc3 Nxc3 22. Rc1 Nd5 23. Nf3 c3 24. Nd4 Rab8 25. Nb3 Rfc8 26. Rgc2 Bf8 27.
Kf2 Ba3 28. Rd1 Nb4 29. Re2 c2 30. Rd7 c1=Q 31. Nxc1 Bxc1 32. Rxa7 Nd5 33. f5
Be3+ 34. Kg2 Bxa7 35. fxe6 fxe6 0-1